| 000 | 01381nam a22003497a 4500 | ||
|---|---|---|---|
| 003 | CHAP | ||
| 005 | 20220817044357.0 | ||
| 008 | 101005s1925 mx r 00010 spa d | ||
| 010 | _a99360 | ||
| 011 | _a100332 | ||
| 035 | _a111018 | ||
| 040 | _cCHAP | ||
| 090 | _aFolleto 17783 | ||
| 100 | 0 | 0 |
_aGálvez, Vicente. _948363 |
| 245 | 1 | 0 |
_aInforme preliminar acerca de las aguas subterráneas de la parte del valle de San Luis Potosí comprendida entre la ciudad de éste mismo nombre y Jaral de Berrio _c/por Vicente Gálvez y Apolinar Hernández |
| 246 | 3 | _aInforme preliminar acerca de las aguas subterráneas de San Luis Potosí a Catorce | |
| 260 |
_aMéxico, D. F. : _bDepartamento de Exploraciones y Estudios Geológicos, _c1925 |
||
| 300 | _a30 p. | ||
| 490 |
_aBoletín de divulgación _v; 12 |
||
| 590 |
_aBATCH-UPD _b10 _c20130110 _lUCH01 _h0921 |
||
| 590 |
_aBATCH-UPD _b10 _c20130410 _lUCH01 _h0543 |
||
| 590 |
_aBATCH-UPD _b10 _c20130914 _lUCH01 _h0652 |
||
| 590 |
_aCONVERSION _b10 _c20130109 _lUCH01 _h1355 |
||
| 650 | 0 | 4 |
_aAgua subterranea _xSan Luis Potosi. _92478 |
| 650 | 0 | 4 |
_aGeología _xSan Luis Potosí. |
| 650 | 0 | 4 |
_aHidrografía _xSan Luis Potosí. _955250 |
| 700 | 0 |
_aHernández Apolinar, Mariana. _953803 |
|
| 830 | 0 |
_aBoletín de divulgación _v; 12 |
|
| 901 | _aBK | ||
| 942 | _cFOLL | ||
| 949 |
_aFolleto 17783 _bBC _cFOLL _d33724002119371 _eTS1 _i111018 _sb |
||
| 999 |
_c99360 _d99360 |
||